Prisoners and paupers: The impact of group threat on incarceration in nineteenth-century U.S. Cities (Record no. 105124)

000 -LEADER
fixed length control field 00467pab a2200169 454500
008 - FIXED-LENGTH DATA ELEMENTS--GENERAL INFORMATION
fixed length control field 180718b2014 xxu||||| |||| 00| 0 eng d
100 ## - MAIN ENTRY--PERSONAL NAME
Personal name Olzak, Susan
245 ## - TITLE STATEMENT
Title Prisoners and paupers: The impact of group threat on incarceration in nineteenth-century U.S. Cities
260 ## - PUBLICATION, DISTRIBUTION, ETC.
Date of publication, distribution, etc. 2014
300 ## - PHYSICAL DESCRIPTION
Extent p.392-411.
362 ## - DATES OF PUBLICATION AND/OR SEQUENTIAL DESIGNATION
Dates of publication and/or sequential designation Jun
650 ## - SUBJECT ADDED ENTRY--TOPICAL TERM
Topical term or geographic name entry element Prisons
700 ## - ADDED ENTRY--PERSONAL NAME
Personal name Shanahan, Suzanne
773 ## - HOST ITEM ENTRY
Main entry heading American Sociological Review
908 ## - PUT COMMAND PARAMETER (RLIN)
Put command parameter N
909 ## -
-- 105129
Holdings
Withdrawn status Lost status Damaged status Not for loan Permanent Location Current Location Date acquired Serial Enumeration / chronology Barcode Date last seen Price effective from Koha item type
        Indian Institute of Public Administration Indian Institute of Public Administration 2018-07-19 Volume no: 79, Issue no: 3 AR105589 2018-07-19 2018-07-19 Articles

Powered by Koha